00484 2200181 4500245007900000020002200079250000900101100001700110700001900127700002100146650002200167005001900189260003900208041001400247084001100261300002100272336000900293 a52 Changes b : 52 Kiat Perubahan Dahsyat dalam HidupcBabauta, LeohText a978-602-5868-24-5 a2018 aBabauta, Leo aSushela M. Nur aZulkarnaen Ishak aPengembangan Diri a20240906133301 aYogyakartabBright Publisherc2018 aIndonesia a155.25 a208 hlm :c20 cm atext